Basic ideas and concepts in nuclear physics : (Record no. 600227)
[ view plain ]
| 000 -LEADER | |
|---|---|
| fixed length control field | 00380nam a2200121Ia 4500 |
| 008 - FIXED-LENGTH DATA ELEMENTS--GENERAL INFORMATION | |
| fixed length control field | 230907s9999||||xx |||||||||||||| ||und|| |
| 082 ## - DEWEY DECIMAL CLASSIFICATION NUMBER | |
| Classification number | 539.7 |
| Author Mark | HEY |
| 100 ## - MAIN ENTRY--PERSONAL NAME | |
| Personal name | Heyde, Kris L. G., |
| 9 (RLIN) | 115933 |
| 245 #0 - TITLE STATEMENT | |
| Title | Basic ideas and concepts in nuclear physics : |
| 260 ## - PUBLICATION, DISTRIBUTION, ETC. | |
| Place of publication, distribution, etc. | Institute of Physics Pub., |
| Name of publisher, distributor, etc. | Bristol, [England] ; | Philadelphia : |
| Date of publication, distribution, etc. | 2004 |
| 300 ## - PHYSICAL DESCRIPTION | |
| Extent | xxix, 638 p. : |
| 942 ## - ADDED ENTRY ELEMENTS (KOHA) | |
| Koha item type | Book |
| Withdrawn status | Lost status | Damaged status | Not for loan | Permanent Location | Current Location | Date acquired | Total Checkouts | Full call number | Barcode | Date last seen | Price effective from | Koha item type |
|---|---|---|---|---|---|---|---|---|---|---|---|---|
| US-Pakistan Center for Advanced Studies in Energy (USPCAS-E) | US-Pakistan Center for Advanced Studies in Energy (USPCAS-E) | 11/07/2019 | 539.7 HEY | CAS-E0004326 | 09/12/2023 | 09/12/2023 | Book |
